Financial accounting / (Record no. 8600)

MARC details
000 -LEADER
fixed length control field 00639cam a22002172 4500
001 - CONTROL NUMBER
control field 0000018629
005 - DATE AND TIME OF LATEST TRANSACTION
control field 20151217152131.0
008 - FIXED-LENGTH DATA ELEMENTS--GENERAL INFORMATION
fixed length control field 100223s xx 000 0 eng d
020 ## - INTERNATIONAL STANDARD BOOK NUMBER
International Standard Book Number 061862676x :
040 ## - CATALOGING SOURCE
Original cataloging agency KABU
Transcribing agency KABU
100 1# - MAIN ENTRY--PERSONAL NAME
Personal name Needles, Belverd E.
-- 0000151783
245 10 - TITLE STATEMENT
Title Financial accounting /
Statement of responsibility, etc. Belverd E. Needles, Marian Powers.
250 ## - EDITION STATEMENT
Edition statement 9th ed.
260 ## - PUBLICATION, DISTRIBUTION, ETC. (IMPRINT)
Place of publication, distribution, etc. Boston :
Name of publisher, distributor, etc. Houghton Mifflin,
Date of publication, distribution, etc. 2007.
300 ## - PHYSICAL DESCRIPTION
Extent xxix, 850 p.
650 #0 - SUBJECT ADDED ENTRY--TOPICAL TERM
Topical term or geographic name as entry element Accounting.
-- 0000148321
700 1# - ADDED ENTRY--PERSONAL NAME
Personal name Powers, Marian.
-- 0000151901
852 1# - LOCATION
-- p6990 KES
908 ## - PUT COMMAND PARAMETER (RLIN)
Put command parameter 100223
950 ## - LOCAL HOLDINGS (RLIN)
-- 1
Holdings
Withdrawn status Lost status Source of classification or shelving scheme Not for loan Home library Current library Date acquired Total Checkouts Full call number Barcode Date last seen Price effective from Koha item type
    Library of Congress Classification   Kabarak, Main Campus Kabarak, Main Campus 17/12/2015   HF5635 .N44 2007 c. 1 18650 17/12/2015 17/12/2015 General Collection
Designed with assistance from East African Informatics Ltd